书目信息 |
| 题名: |
战狼突击
|
|
| 作者: | 李开云 著 | |
| 分册: | ||
| 出版信息: | 北京 新世界出版社 2009.04 |
|
| 页数: | 387页 | |
| 开本: | 20cm | |
| 丛书名: | ||
| 单 册: | ||
| 中图分类: | I247.52 | |
| 科图分类: | ||
| 主题词: | 小说--中国 | |
| 电子资源: | ||
| ISBN: | 978-7-5104-0177-0 | |
| 000 | 00567nam0 2200217 45 | |
| 001 | 0953119371 | |
| 005 | 20091101144620.54 | |
| 010 | @a978-7-5104-0177-0@dCNY36.00 | |
| 100 | @a20090515d2009 ekmy0 y0120 ea | |
| 102 | @aCN@b130000 | |
| 102 | @aCN@b110000 | |
| 105 | @ay z 000yy | |
| 200 | 1 | @a战狼突击@f李开云著@Fli kai yun zhu |
| 210 | @a北京@c新世界出版社@d2009.04 | |
| 215 | @a387页@d20cm | |
| 606 | 0 | @a小说@x中国 |
| 690 | @aI247.52@v4 | |
| 701 | 0 | @a李开云@Ali kai yun@4著 |
| 801 | 0 | @aCN@c20091101 |
| 905 | @a10447@dI247.52@eL190 | |
| 906 | @d36@n3@r1 | |
| 战狼突击/李开云著.-北京:新世界出版社,2009.04 |
| 387页;20cm |
| ISBN 978-7-5104-0177-0:CNY36.00 |
| ● |
| 相关链接 |
|
|
|
正题名:战狼突击
索取号:I247.52/L190
 
预约/预借
| 序号 | 登录号 | 条形码 | 馆藏地/架位号 | 状态 | 备注 |
| 1 | 892563 | 208925635 | 文学库108/108文学库 42排11列2层/ [索取号:I247.52/L190] | 在馆 | |
| 2 | 892564 | 208925644 | 文学库108/108文学库 42排11列2层/ [索取号:I247.52/L190] | 在馆 | |
| 3 | 892565 | 208925653 | 社科二线422/422社科库 4排1列6层/ [索取号:I247.52/L190] | 在馆 |